<?xml version="1.0" encoding="UTF-8"?>
<record
    xmlns:xsi="http://www.w3.org/2001/XMLSchema-instance"
    xsi:schemaLocation="http://www.loc.gov/MARC21/slim http://www.loc.gov/standards/marcxml/schema/MARC21slim.xsd"
    xmlns="http://www.loc.gov/MARC21/slim">

  <leader>00570nam a22001457a 4500</leader>
  <controlfield tag="003">OSt</controlfield>
  <controlfield tag="005">20130516190704.0</controlfield>
  <controlfield tag="008">130516s2003    xxu||||| |||| 00| 0 cat d</controlfield>
  <datafield tag="040" ind1=" " ind2=" ">
    <subfield code="c">CDMR</subfield>
  </datafield>
  <datafield tag="111" ind1="2" ind2=" ">
    <subfield code="9">3442</subfield>
    <subfield code="a">Congr&#xE9;s de la R&#xE0;dio de Catalunya</subfield>
    <subfield code="c">Barcelona</subfield>
    <subfield code="d">2003</subfield>
    <subfield code="n">2n</subfield>
  </datafield>
  <datafield tag="245" ind1=" " ind2=" ">
    <subfield code="a">2n Congr&#xE9;s de la R&#xE0;dio a Catalunya</subfield>
    <subfield code="b">: 24 i 25 de gener de 2003  : World Trade Center, Barcelona</subfield>
  </datafield>
  <datafield tag="260" ind1=" " ind2=" ">
    <subfield code="a">[Barcelona]</subfield>
    <subfield code="b">Universitat Aut&#xF2;noma de Barcelona. Departament de Comunicaci&#xF3; Audiovisual i de Publicitat</subfield>
    <subfield code="c">[s.d.]</subfield>
  </datafield>
  <datafield tag="650" ind1="0" ind2="4">
    <subfield code="9">1722</subfield>
    <subfield code="a">R&#xE0;dio</subfield>
    <subfield code="z">Catalunya</subfield>
    <subfield code="v">Congressos</subfield>
  </datafield>
  <datafield tag="942" ind1=" " ind2=" ">
    <subfield code="2">udc</subfield>
    <subfield code="c">MON</subfield>
  </datafield>
  <datafield tag="999" ind1=" " ind2=" ">
    <subfield code="c">6271</subfield>
    <subfield code="d">6271</subfield>
  </datafield>
  <datafield tag="952" ind1=" " ind2=" ">
    <subfield code="0">0</subfield>
    <subfield code="1">0</subfield>
    <subfield code="4">0</subfield>
    <subfield code="7">0</subfield>
    <subfield code="a">CDMR</subfield>
    <subfield code="b">CDMR</subfield>
    <subfield code="d">2013-01-16</subfield>
    <subfield code="l">0</subfield>
    <subfield code="o">Bc</subfield>
    <subfield code="p">CDMR13056445</subfield>
    <subfield code="r">2013-05-16</subfield>
    <subfield code="w">2013-05-16</subfield>
    <subfield code="y">MON</subfield>
  </datafield>
</record>
